[Event "Panevezys Elite 2018"]
[Site "Panevezys"]
[Date "2018.06.30"]
[Round "2.11"]
[White "Vicas, Marijus"]
[Black "Prigodin, Ruslan"]
[Result "1-0"]
[WhiteElo "2183"]
[BlackElo "2036"]
[Annotator "ChessBase"]
[PlyCount "55"]
[EventDate "2018.06.29"]
[EventType "swiss"]
[EventRounds "9"]
[EventCountry "LTU"]
[SourceTitle "playchess.com"]
[Source "ChessBase"]
[SourceQuality "1"]
[TimeControl "40/5400+30:1800+30"]

1. e4 c6 2. d4 d5 3. e5 Bf5 4. Nf3 e6 5. Be2 c5 6. Be3 cxd4 7. Nxd4 Ne7 8. c4 Nbc6 9. Qa4 a6 10. cxd5 b5 11. Nxc6 Nxc6 12. Qf4 Nb4 13. O-O Nxd5 14. Qg3 Nxe3 15. Qxe3 Rc8 16. Rd1 Qc7 17. a4 Bc5 18. Qg3 O-O 19. axb5 axb5 20. Bxb5 Rb8 21. Nc3 Bb4 22. Bf1 Rfc8 23. Nb5 Qc2 24. Nd6 Rc5 25. Nxf7 Bg6 26. Ng5 Qxb2 27. Nxe6 Rxe5 28. Rab1 1-0

[Event "Panevezys Elite 2018"]
[Site "Panevezys"]
[Date "2018.06.30"]
[Round "2.12"]
[White "Tsiganova, Monika"]
[Black "Maryasin, Boris"]
[Result "0-1"]
[WhiteElo "2131"]
[BlackElo "2304"]
[Annotator "ChessBase"]
[PlyCount "52"]
[EventDate "2018.06.29"]
[EventType "swiss"]
[EventRounds "9"]
[EventCountry "LTU"]
[SourceTitle "playchess.com"]
[Source "ChessBase"]
[SourceQuality "1"]
[TimeControl "40/5400+30:1800+30"]

1. d4 Nf6 2. c4 e6 3. Nf3 d5 4. Nc3 dxc4 5. e3 a6 6. Bxc4 b5 7. Bd3 Bb7 8. O-O c5 9. Qe2 Nc6 10. Rd1 Qc7 11. a4 b4 12. Ne4 cxd4 13. exd4 Nd5 14. Bd2 Be7 15. Rac1 Qb6 16. Neg5 Nxd4 17. Nxd4 Qxd4 18. Bb5+ Kf8 19. Bc6 Bxc6 20. Rxc6 Rd8 21. Qf3 Qf6 22. Rdc1 h6 23. Qh3 Kg8 24. Nf3 Qxb2 25. Qg3 Nc3 26. Qe5 Rxd2 0-1

[Event "Panevezys Elite 2018"]
[Site "Panevezys"]
[Date "2018.06.30"]
[Round "2.13"]
[White "Sinitsina, Anastassia"]
[Black "Berzina, Ilze"]
[Result "0-1"]
[WhiteElo "2101"]
[BlackElo "2173"]
[Annotator "ChessBase"]
[PlyCount "82"]
[EventDate "2018.06.29"]
[EventType "swiss"]
[EventRounds "9"]
[EventCountry "LTU"]
[SourceTitle "playchess.com"]
[Source "ChessBase"]
[SourceQuality "1"]
[TimeControl "40/5400+30:1800+30"]

1. e4 c6 2. d4 d5 3. Nd2 dxe4 4. Nxe4 Nd7 5. Nf3 Ngf6 6. Neg5 e6 7. Bd3 h6 8. Ne4 Nxe4 9. Bxe4 Nf6 10. Bd3 b6 11. Qe2 Bb7 12. Bd2 Qc7 13. O-O-O O-O-O 14. Kb1 Bd6 15. c4 c5 16. dxc5 Bxc5 17. Bc3 Rhe8 18. h3 Nh5 19. g3 Nf6 20. Rhe1 Kb8 21. Bc2 Ka8 22. Ne5 Rf8 23. f4 h5 24. g4 hxg4 25. hxg4 Bd6 26. g5 Ng8 27. Be4 Ne7 28. Rf1 Nf5 29. Bxf5 exf5 30. b3 Rfe8 31. Qb2 Be4+ 32. Ka1 Bc5 33. a3 f6 34. gxf6 gxf6 35. Rxd8+ Qxd8 36. Ng6 Qd3 37. Rc1 Qg3 38. b4 Be3 39. Re1 Bd4 40. Bxd4 Qxe1+ 41. Ka2 Qg3 0-1

[Event "Panevezys Elite 2018"]
[Site "Panevezys"]
[Date "2018.06.30"]
[Round "3.2"]
[White "Kveinys, Aloyzas"]
[Black "Brazdzionis, Andrius"]
[Result "1-0"]
[WhiteElo "2537"]
[BlackElo "2252"]
[Annotator "TA"]
[PlyCount "37"]
[EventDate "2018.06.29"]
[EventType "swiss"]
[EventRounds "9"]
[EventCountry "LTU"]
[SourceTitle "playchess.com"]
[Source "ChessBase"]
[SourceQuality "1"]

{[%evp 22,37,60,57,51,81,189,191,525,514,537,544,503,514,759,746,973,790]} 1. e4 e6 2. d4 d5 3. Nd2 dxe4 4. Nxe4 Nd7 5. Bd3 Ngf6 6. Qe2 Be7 7. Nf3 O-O 8. O-O c5 9. dxc5 Nxc5 10. Nxc5 Bxc5 11. Bg5 h6 12. Bh4 Qc7 {C10: Französische Verteidigung (Rubinstein-Variante)} 13. Rad1 $146 ({Vorgänger:} 13. Ne5 Be7 14. Rad1 Rd8 15. Rfe1 Bd7 16. Bg3 Qc5 17. Qf3 Qb6 18. Bf4 Be8 19. Qh3 Bf8 20. Bc1 {1-0 (35) Horvath,A (2545)-Peredy,F (2332) Balaguer 2005}) 13... Bd7 (13... Rd8 $16) 14. Ne5 $1 $18 {[%cal Bf3e5,Be5f7,Bf7d8][%mdl 32] Droht Lxf6 und aus.} ({Bloß nicht} 14. Bxf6 $6 gxf6 15. Qe4 f5 $14) 14... Rfd8 $2 (14... Nd5 {ist zäher.} 15. Bg3 (15. Qe4 f5 $11) (15. Nxd7 Qxd7 16. Be4 b5 $16) 15... Bc6) 15. Bxf6 $1 {Weiß steht klar auf Gewinn.} gxf6 {[#]} 16. Qg4+ $1 Kf8 {[#]} 17. Nxf7 $1 {[%mdl 512]} e5 (17... Kxf7 18. Qg6+) 18. Qg6 Be8 19. Nxd8 1-0

[Event "Panevezys Elite 2018"]
[Site "Panevezys"]
[Date "2018.06.30"]
[Round "3.3"]
[White "Stremavicius, Titas"]
[Black "Grib, Roman"]
[Result "1-0"]
[WhiteElo "2448"]
[BlackElo "2445"]
[Annotator "TA"]
[PlyCount "43"]
[EventDate "2018.06.29"]
[EventType "swiss"]
[EventRounds "9"]
[EventCountry "LTU"]
[SourceTitle "playchess.com"]
[Source "ChessBase"]
[SourceQuality "1"]

{[%evp 14,43,0,11,43,12,20,26,21,19,26,24,22,10,44,4,18,10,53,45,92,91,96,85,85,84,118,41,29,31,592,589]} 1. c4 Nf6 2. Nc3 c5 3. Nf3 d5 4. cxd5 Nxd5 5. d4 Nxc3 6. bxc3 g6 7. Bf4 Bg7 {A34: Symmetrical English: 2 Nc3, lines with ...d5} 8. e3 {LiveBook: 33 Games} Nc6 (8... Qa5 9. Qd2 Bf5 10. Be2 Nc6 11. O-O cxd4 12. exd4 O-O 13. Rfe1 e5 14. dxe5 Nxe5 15. Nxe5 Bxe5 16. Bxe5 Qxe5 {½-½ (60) Artemiev,V (2676)-Gelfand,B (2731) Moscow 2015}) 9. Be2 O-O {The position is equal.} 10. O-O cxd4 11. cxd4 Bf5 12. Rc1 Rc8 $146 ({Predecessor:} 12... Be4 13. Qa4 Bd5 14. Rfd1 a6 15. Ne5 Qe8 16. Nxc6 Bxc6 17. Qa5 Qd8 18. Qa3 e6 {1-0 (44) Giertz,N (2305)-Payen,A (2270) Geneve 1990}) 13. a3 Be4 14. Qb3 h6 15. Rfd1 Bd5 16. Qb1 $36 {[%mdl 2048] [#] Strongly threatening e4. White fights for an advantage.} ({Of course not} 16. Qxb7 Nxd4 17. Rxc8 Nxe2+ 18. Kf1 Qxc8 $15) 16... g5 {aiming for ...Bxf3.} 17. e4 gxf4 18. exd5 Qxd5 {[%cal Rc6d4]} 19. Qxb7 {Black must now prevent Bf1.} Qe6 20. Bc4 (20. Kf1 $16 Na5 21. Qxa7) 20... Qd6 $1 $14 21. Bb5 {[%cal Rc1c6]} Nxd4 $2 {[%mdl 8192] [#]} ({Black should try} 21... Rc7 $14 22. Qa6 Nd8) 22. Rxc8 {Precision: White = 49%, Black = 43%.} 1-0

[Event "Panevezys Elite 2018"]
[Site "Panevezys"]
[Date "2018.06.30"]
[Round "3.4"]
[White "Harutjunyan, Gevorg"]
[Black "Ratsma, Midas"]
[Result "1-0"]
[WhiteElo "2418"]
[BlackElo "2253"]
[Annotator "ChessBase"]
[PlyCount "75"]
[EventDate "2018.06.29"]
[EventType "swiss"]
[EventRounds "9"]
[EventCountry "LTU"]
[SourceTitle "playchess.com"]
[Source "ChessBase"]
[SourceQuality "1"]
[TimeControl "40/5400+30:1800+30"]

1. Nf3 Nf6 2. g3 e6 3. Bg2 Be7 4. c4 d5 5. d4 O-O 6. O-O dxc4 7. Qc2 a6 8. a4 Bd7 9. Qxc4 Bc6 10. Bg5 Bd5 11. Qc2 Nc6 12. Bxf6 gxf6 13. e4 Nb4 14. Qe2 Bc6 15. Nc3 b6 16. d5 Bb7 17. Rad1 Bd6 18. dxe6 fxe6 19. Qc4 Kh8 20. Nd4 Qe7 21. Nxe6 Qf7 22. Qb3 Rfe8 23. Nd4 Qxb3 24. Nxb3 Be5 25. Rd2 Bc6 26. a5 bxa5 27. Nxa5 Bb5 28. Rfd1 c5 29. Bf1 Rab8 30. Nc4 Bd4 31. Nd6 Re6 32. Ndxb5 axb5 33. Nxb5 Nc6 34. Bc4 Re7 35. b3 Rb6 36. Kg2 Kg7 37. Nd6 Ra7 38. Nc8 1-0

[Event "Panevezys Elite 2018"]
[Site "Panevezys"]
[Date "2018.06.30"]
[Round "3.5"]
[White "Maryasin, Boris"]
[Black "Bjerre, Jonas Buhl"]
[Result "1/2-1/2"]
[WhiteElo "2304"]
[BlackElo "2436"]
[Annotator "ChessBase"]
[PlyCount "31"]
[EventDate "2018.06.29"]
[EventType "swiss"]
[EventRounds "9"]
[EventCountry "LTU"]
[SourceTitle "playchess.com"]
[Source "ChessBase"]
[SourceQuality "1"]
[TimeControl "40/5400+30:1800+30"]

1. e4 c5 2. Nf3 d6 3. d4 cxd4 4. Qxd4 Nc6 5. Bb5 Bd7 6. Bxc6 Bxc6 7. Nc3 Nf6 8. Bg5 e6 9. O-O-O Be7 10. Qd3 Qa5 11. h4 h6 12. Bd2 Qa6 13. Nd4 Qxd3 14. cxd3 Bd7 15. f3 O-O-O 16. g4 1/2-1/2

[Event "Panevezys Elite 2018"]
[Site "Panevezys"]
[Date "2018.06.30"]
[Round "3.7"]
[White "Laurusas, Tomas"]
[Black "Van Osch, Mees"]
[Result "1-0"]
[WhiteElo "2465"]
[BlackElo "2324"]
[Annotator "RC"]
[PlyCount "41"]
[EventDate "2018.06.29"]
[EventType "swiss"]
[EventRounds "9"]
[EventCountry "LTU"]
[SourceTitle "playchess.com"]
[Source "ChessBase"]
[SourceQuality "1"]
[TimeControl "40/5400+30:1800+30"]

1. d4 Nf6 2. Nf3 g6 3. g3 Bg7 4. Bg2 O-O 5. O-O d6 6. c4 Nc6 7. Nc3 e5 8. d5 Nb8 9. c5 Na6 10. cxd6 cxd6 11. Nd2 Rb8 12. a4 Ne8 13. Nb5 Ra8 14. Nc4 Nac7 15. Be3 Nxb5 16. axb5 Bd7 17. Qb3 a6 18. Nb6 Nc7 19. Nxa8 Qxa8 20. bxa6 bxa6 21. Qb6 1-0

[Event "Panevezys Elite 2018"]
[Site "Panevezys"]
[Date "2018.06.30"]
[Round "3.8"]
[White "Juksta, Karolis"]
[Black "Malinin, Yuri"]
[Result "0-1"]
[WhiteElo "2187"]
[BlackElo "2176"]
[Annotator "ChessBase"]
[PlyCount "62"]
[EventDate "2018.06.29"]
[EventType "swiss"]
[EventRounds "9"]
[EventCountry "LTU"]
[SourceTitle "playchess.com"]
[Source "ChessBase"]
[SourceQuality "1"]
[TimeControl "40/5400+30:1800+30"]

1. d4 g6 2. c4 Bg7 3. e4 d6 4. Nc3 e5 5. dxe5 dxe5 6. Qxd8+ Kxd8 7. f4 Nc6 8. Nf3 Be6 9. Be3 Nf6 10. Rd1+ Kc8 11. Be2 b6 12. g3 Kb7 13. O-O Rhe8 14. Kg2 exf4 15. gxf4 Nxe4 16. Nxe4 Bf5 17. Bc1 Bxe4 18. Kg1 Rad8 19. Rxd8 Nxd8 20. Kf2 Bc6 21. Rd1 Ne6 22. b4 Kc8 23. Be3 Rd8 24. Rxd8+ Kxd8 25. Bd2 f6 26. Kg3 Ke7 27. Bd3 Kf7 28. Kf2 Bf8 29. a3 Bd6 30. Kg3 g5 31. Bxh7 gxf4+ 0-1

[Event "Panevezys Elite 2018"]
[Site "Panevezys"]
[Date "2018.06.30"]
[Round "3.10"]
[White "Kalinowska, Zuzanna"]
[Black "Priyanka Nutakki"]
[Result "0-1"]
[WhiteElo "1968"]
[BlackElo "2180"]
[Annotator "ChessBase"]
[PlyCount "86"]
[EventDate "2018.06.29"]
[EventType "swiss"]
[EventRounds "9"]
[EventCountry "LTU"]
[SourceTitle "playchess.com"]
[Source "ChessBase"]
[SourceQuality "1"]
[TimeControl "40/5400+30:1800+30"]

1. d4 Nf6 2. c4 e6 3. Nc3 Bb4 4. Qc2 d5 5. e3 O-O 6. Nf3 c5 7. dxc5 Nbd7 8. cxd5 Nxd5 9. c6 bxc6 10. Bd3 h6 11. O-O Bb7 12. Rd1 Qe7 13. Bd2 Rac8 14. a3 Bxc3 15. bxc3 c5 16. Rab1 N5b6 17. c4 Bc6 18. Qc3 Bxf3 19. gxf3 Qg5+ 20. Kh1 Qh5 21. Be2 e5 22. Rg1 Rc6 23. Rg3 Rg6 24. Rbg1 Re8 25. Qd3 Rxg3 26. Rxg3 e4 27. fxe4 Ne5 28. Bxh5 Nxd3 29. Kg2 Nxc4 30. Bc3 g6 31. Be2 Rd8 32. f4 Kh7 33. h4 Nxa3 34. h5 Nc1 35. hxg6+ fxg6 36. Bh5 Rg8 37. Bxg6+ Rxg6 38. Rxg6 Kxg6 39. Bb2 Nc4 40. Bxc1 a5 41. e5 a4 42. e4 a3 43. f5+ Kg7 0-1

[Event "Panevezys Elite 2018"]
[Site "Panevezys"]
[Date "2018.06.30"]
[Round "3.12"]
[White "Stasans, Aivars"]
[Black "Prigodin, Ruslan"]
[Result "1/2-1/2"]
[WhiteElo "2071"]
[BlackElo "2036"]
[Annotator "NA"]
[PlyCount "48"]
[EventDate "2018.06.29"]
[EventType "swiss"]
[EventRounds "9"]
[EventCountry "LTU"]
[SourceTitle "playchess.com"]
[Source "ChessBase"]
[SourceQuality "1"]
[TimeControl "40/5400+30:1800+30"]

1. e4 c6 2. d4 d5 3. Nc3 dxe4 4. Nxe4 Nd7 5. Nf3 Ngf6 6. Nxf6+ Nxf6 7. Ne5 Nd7 8. Bf4 Nxe5 9. Bxe5 Bf5 10. Bd3 Bxd3 11. Qxd3 e6 12. O-O Qd7 13. Rad1 f6 14. Bg3 Bd6 15. Rfe1 Bxg3 16. hxg3 O-O 17. Qb3 Rfe8 18. f4 Qd5 19. c4 Qd7 20. Rd3 Rad8 21. Red1 Qf7 22. Qa4 a6 23. Qb4 Rd7 24. Qd2 Red8 1/2-1/2

[Event "Panevezys Elite 2018"]
[Site "Panevezys"]
[Date "2018.06.30"]
[Round "3.13"]
[White "Sinitsina, Anastassia"]
[Black "Tsiganova, Monika"]
[Result "1-0"]
[WhiteElo "2101"]
[BlackElo "2131"]
[Annotator "ChessBase"]
[PlyCount "107"]
[EventDate "2018.06.29"]
[EventType "swiss"]
[EventRounds "9"]
[EventCountry "LTU"]
[SourceTitle "playchess.com"]
[Source "ChessBase"]
[SourceQuality "1"]
[TimeControl "40/5400+30:1800+30"]

1. e4 c5 2. Nf3 d6 3. d4 cxd4 4. Nxd4 Nf6 5. f3 e5 6. Bb5+ Nbd7 7. Nf5 d5 8. exd5 a6 9. Ba4 b5 10. Bb3 Nb6 11. Ne3 Bc5 12. Nc3 O-O 13. Qd3 Bb7 14. Ne4 Bxe3 15. Nxf6+ Qxf6 16. Bxe3 Rfd8 17. Bxb6 Qxb6 18. O-O-O a5 19. a3 a4 20. Ba2 b4 21. Bc4 Qc5 22. Rhe1 Rac8 23. b3 axb3 24. cxb3 Rxd5 25. Qc2 Rd4 26. axb4 Qxb4 27. Rxe5 Qa3+ 28. Kb1 Ra8 29. Re8+ Rxe8 30. Rxd4 Ra8 31. Qb2 Qc5 32. Qd2 Qb6 33. Kb2 Qf6 34. Qf4 Qe7 35. Qxf7+ Qxf7 36. Bxf7+ Kxf7 37. Rd7+ Kf6 38. Rxb7 Re8 39. Rc7 Re2+ 40. Rc2 Re3 41. b4 Ke5 42. Kc1 Kd6 43. Kd1 Rb3 44. Rc4 Rb2 45. Rg4 g6 46. Ke1 Ke6 47. Kf1 Kf5 48. h3 h5 49. Rc4 g5 50. Kg1 h4 51. Rg4 Rd2 52. Kf1 Rc2 53. Ke1 Rb2 54. Kd1 1-0

[Event "Panevezys Elite 2018"]
[Site "Panevezys"]
[Date "2018.07.01"]
[Round "4.1"]
[White "Vovk, Ilja"]
[Black "Kveinys, Aloyzas"]
[Result "1-0"]
[WhiteElo "2273"]
[BlackElo "2537"]
[Annotator "TA"]
[PlyCount "91"]
[EventDate "2018.06.29"]
[EventType "swiss"]
[EventRounds "9"]
[EventCountry "LTU"]
[SourceTitle "playchess.com"]
[Source "ChessBase"]
[SourceQuality "1"]

{[%evp 21,91,0,12,-18,6,-41,-35,-44,-40,-42,-36,-63,-44,-49,-42,-66,0,0,0,0,0,0,0,0,0,0,0,0,0,-14,-4,-4,0,0,0,0,0,4,10,10,11,15,42,42,34,37,38,35,35,36,575,565,850,831,855,852,986,808,1036,1022,950,881,2383,2066,29971,29972,29980,29981,29980,29981,29976,29975]} 1. Nf3 Nf6 2. g3 d5 3. Bg2 c6 4. O-O Bg4 5. d3 Nbd7 6. c4 e6 7. cxd5 exd5 8. Nc3 Bc5 9. Qc2 {A11: English Opening: 1...c6} (9. h3 Bxf3 10. Bxf3 O-O 11. e4 dxe4 12. dxe4 Qc7 13. Kg2 Rfe8 14. Qc2 Qe5 15. Bf4 Qe7 16. Kh2 Ne5 17. Bg2 Bd4 18. Ne2 {½-½ (66) Anand,V (2779)-Mchedlishvili,M (2601) Doha 2016}) 9... O-O 10. e4 dxe4 11. dxe4 Re8 {LiveBook: 14 Games} 12. Bd2 Qe7 $146 ({Predecessor:} 12... Bxf3 13. Bxf3 Ne5 14. Be2 Qd7 15. Kg2 Neg4 16. Rad1 {1-0 (54) Issler,C (2558)-Podkrajsek,J (2533) ICCF corr 1999}) 13. Rae1 Rad8 14. Nh4 Ne5 {And now ...Nd3 would win.} 15. h3 Be6 {White must now prevent ...Bc4.} 16. b3 Qd7 17. Rd1 Qd3 ({Of course not} 17... Bxh3 $6 18. Be3 $14) 18. Qxd3 Rxd3 (18... Nxd3 $15 19. Be3 Bxe3 20. fxe3 h6) 19. Na4 $1 $11 {[%cal Ra4c5]} Bd4 {[#] aiming for ...Nfg4!} 20. Bc3 $1 {[%mdl 512]} Rxd1 (20... Rxc3 21. Rxd4) 21. Rxd1 Bxc3 22. Nxc3 g5 23. Nf5 $1 {[%cal Rf5d6]} Bxf5 24. exf5 Kg7 25. b4 Re7 26. g4 Rd7 27. Rxd7 Nfxd7 {[%mdl 4096] Endgame KBN-KNN} 28. Ne4 f6 29. Nd6 b6 30. Kh2 Kf8 31. Kg3 a6 32. Bf1 b5 33. Ne4 Ke7 34. f4 gxf4+ 35. Kxf4 Nb6 $2 {[%mdl 8192] [#]} ({Better is} 35... Nf7 $14) 36. Nxf6 $1 $18 {[%mdl 512]} Nf7 (36... Kxf6 37. g5+) 37. g5 h6 38. h4 {[%cal Bh3h4,Bh4g5,Bg5g6][%mdl 32]} hxg5+ 39. hxg5 Nd8 40. Bg2 Nc4 41. Ne4 a5 42. bxa5 Nxa5 43. g6 {White mates.} Nc4 44. f6+ Kf8 45. Ng5 Nd6 46. Be4 {Precision: White = 81%, Black = 35%.} 1-0

[Event "Panevezys Elite 2018"]
[Site "Panevezys"]
[Date "2018.07.01"]
[Round "4.2"]
[White "Harutjunyan, Gevorg"]
[Black "Stremavicius, Titas"]
[Result "0-1"]
[WhiteElo "2418"]
[BlackElo "2448"]
[Annotator "ChessBase"]
[PlyCount "68"]
[EventDate "2018.06.29"]
[EventType "swiss"]
[EventRounds "9"]
[EventCountry "LTU"]
[SourceTitle "playchess.com"]
[Source "ChessBase"]
[SourceQuality "1"]
[TimeControl "40/5400+30:1800+30"]

1. Nf3 d5 2. g3 Nf6 3. Bg2 e6 4. O-O c5 5. d4 cxd4 6. Nxd4 e5 7. Nb3 Be6 8. f4 exf4 9. gxf4 g6 10. Nc3 Nc6 11. Be3 Bg7 12. Nd4 Ng4 13. Nxe6 fxe6 14. Bc5 Qa5 15. e3 h5 16. b4 Nxb4 17. Bd4 Bxd4 18. Qxd4 O-O-O 19. Nd1 Rh7 20. h3 Nc6 21. Qd3 Nf6 22. Qxg6 Rf8 23. Kh2 Qc7 24. c4 Rg7 25. Qd3 Rfg8 26. Rf2 Ne5 27. fxe5 Qxe5+ 28. Kh1 Qxa1 29. cxd5 Nxd5 30. Rc2+ Kb8 31. e4 Ne3 32. Qd6+ Ka8 33. Rd2 a6 34. e5 Nxg2 0-1

[Event "Panevezys Elite 2018"]
[Site "Panevezys"]
[Date "2018.07.01"]
[Round "4.4"]
[White "Grib, Roman"]
[Black "Maryasin, Boris"]
[Result "1-0"]
[WhiteElo "2445"]
[BlackElo "2304"]
[Annotator "ChessBase"]
[PlyCount "95"]
[EventDate "2018.06.29"]
[EventType "swiss"]
[EventRounds "9"]
[EventCountry "LTU"]
[SourceTitle "playchess.com"]
[Source "ChessBase"]
[SourceQuality "1"]
[TimeControl "40/5400+30:1800+30"]

1. e4 c5 2. Nf3 e6 3. c4 Nc6 4. Nc3 Nd4 5. Nxd4 cxd4 6. Ne2 e5 7. Ng3 g6 8. Be2 h5 9. O-O Bh6 10. d3 Qf6 11. Bxh6 Nxh6 12. f4 d6 13. fxe5 Qxe5 14. Qd2 h4 15. Nh1 g5 16. Nf2 g4 17. Nh1 Be6 18. b4 O-O-O 19. Qf4 Rdg8 20. g3 Rg6 21. gxh4 Ng8 22. c5 Qxf4 23. Rxf4 dxc5 24. Rc1 b6 25. bxc5 b5 26. Ng3 Rxh4 27. c6 Rf6 28. Nf5 Bxf5 29. exf5 Ne7 30. Rxd4 Nxc6 31. Bf3 Kc7 32. Bg2 Kb6 33. Rd7 Rhh6 34. Be4 a5 35. Kg2 b4 36. Kg3 a4 37. Rc4 Ka5 38. Rb7 Rh3+ 39. Kxg4 Rhh6 40. d4 Rd6 41. Rc5+ Ka6 42. Rxc6+ Rxc6 43. Bxc6 Rxc6 44. Rxb4 Ka5 45. Rb2 a3 46. Rd2 Kb4 47. d5 Rc8 48. Rd3 1-0

[Event "Panevezys Elite 2018"]
[Site "Panevezys"]
[Date "2018.07.01"]
[Round "4.5"]
[White "Bjerre, Jonas Buhl"]
[Black "Brazdzionis, Andrius"]
[Result "1-0"]
[WhiteElo "2436"]
[BlackElo "2252"]
[Annotator "ChessBase"]
[PlyCount "121"]
[EventDate "2018.06.29"]
[EventType "swiss"]
[EventRounds "9"]
[EventCountry "LTU"]
[SourceTitle "playchess.com"]
[Source "ChessBase"]
[SourceQuality "1"]
[TimeControl "40/5400+30:1800+30"]

1. e4 d6 2. d4 Nf6 3. Nc3 g6 4. Be3 Bg7 5. Qd2 c6 6. Bh6 Bxh6 7. Qxh6 Qa5 8. Bd3 b5 9. Nf3 Nbd7 10. O-O b4 11. Ne2 Qh5 12. Qd2 O-O 13. Qxb4 c5 14. Qa5 Bb7 15. Ng3 Qg4 16. d5 Nb6 17. c4 e5 18. h3 Qf4 19. Ne2 Qh6 20. Nc3 Bc8 21. Nb5 Bxh3 22. Qd2 Qh5 23. Qg5 Qxg5 24. Nxg5 Bg4 25. f3 Bd7 26. Nxd6 h6 27. Nh3 Bxh3 28. gxh3 Nh5 29. Rfb1 Nf4 30. Bf1 a5 31. a3 a4 32. b4 axb3 33. Rxb3 Ra6 34. Nb7 Nd7 35. Rb5 Rc8 36. Na5 Rca8 37. Nb3 Rc8 38. Rb7 Rb6 39. Nxc5 Rxc5 40. Rxd7 Rb2 41. Ra7 Kg7 42. Ra4 g5 43. Rb4 Rd2 44. a4 Ra5 45. Rb5 Ra6 46. a5 Ng6 47. c5 Nh4 48. Rb3 Rf6 49. Raa3 g4 50. hxg4 h5 51. gxh5 Rh6 52. Re3 Rxh5 53. Re2 Rd1 54. a6 Ng6 55. Rg2 Kf6 56. a7 Nf4 57. Kf2 Nxg2 58. Bxg2 Rd2+ 59. Ke3 Rxg2 60. a8=Q Rhh2 61. Qa6+ 1-0

[Event "Panevezys Elite 2018"]
[Site "Panevezys"]
[Date "2018.07.01"]
[Round "4.6"]
[White "Ratsma, Midas"]
[Black "Krivonosov, Oleg"]
[Result "1/2-1/2"]
[WhiteElo "2253"]
[BlackElo "2399"]
[Annotator "ChessBase"]
[PlyCount "130"]
[EventDate "2018.06.29"]
[EventType "swiss"]
[EventRounds "9"]
[EventCountry "LTU"]
[SourceTitle "playchess.com"]
[Source "ChessBase"]
[SourceQuality "1"]
[TimeControl "40/5400+30:1800+30"]

1. d4 d5 2. c4 e6 3. Nc3 Be7 4. Bf4 Nf6 5. Nf3 c5 6. dxc5 Na6 7. e3 Nxc5 8. Qc2 O-O 9. Rd1 Nce4 10. Bd3 Nxc3 11. bxc3 Qa5 12. cxd5 exd5 13. Nd4 Bd7 14. Nf5 Bxf5 15. Bxf5 g6 16. Bd3 Rac8 17. Be5 Nd7 18. Bd4 Bf6 19. Kd2 Bxd4 20. exd4 Nb6 21. Rb1 Nc4+ 22. Bxc4 Rxc4 23. Kd3 Rfc8 24. Rhc1 b5 25. Qd2 Qa6 26. Rb4 Qc6 27. Qb2 a6 28. a4 bxa4 29. Rb8 Kg7 30. Rxc8 Qxc8 31. f3 h5 32. Re1 Qf5+ 33. Ke2 a3 34. Qd2 Qc8 35. Rc1 Qb8 36. g3 h4 37. Kf2 h3 38. Rc2 Qb1 39. g4 Qb8 40. f4 Qb3 41. f5 a2 42. Rb2 Qxc3 43. Qxc3 Rxc3 44. Rxa2 gxf5 45. gxf5 Kf6 46. Ra5 Kxf5 47. Rxd5+ Kf4 48. Ra5 Rc2+ 49. Kg1 Rg2+ 50. Kh1 Rd2 51. Kg1 Rg2+ 52. Kh1 Rd2 53. Kg1 Rxd4 54. Rxa6 f5 55. Ra3 Kg4 56. Rg3+ Kh4 57. Kh1 Rd1+ 58. Rg1 Rd3 59. Rg8 Rd2 60. Rg7 f4 61. Kg1 Rd1+ 62. Kf2 Rh1 63. Kf3 Rxh2 64. Rg4+ Kh5 65. Rxf4 Ra2 1/2-1/2

[Event "Panevezys Elite 2018"]
[Site "Panevezys"]
[Date "2018.07.01"]
[Round "4.7"]
[White "Badelka, Olga"]
[Black "Priyanka Nutakki"]
[Result "0-1"]
[WhiteElo "2407"]
[BlackElo "2180"]
[Annotator "ChessBase"]
[PlyCount "92"]
[EventDate "2018.06.29"]
[EventType "swiss"]
[EventRounds "9"]
[EventCountry "LTU"]
[SourceTitle "playchess.com"]
[Source "ChessBase"]
[SourceQuality "1"]
[TimeControl "40/5400+30:1800+30"]

1. d4 Nf6 2. c4 e6 3. Nc3 Bb4 4. e3 O-O 5. Nge2 Re8 6. a3 Bf8 7. d5 a5 8. g3 Na6 9. Rb1 exd5 10. cxd5 d6 11. Nd4 Bg4 12. Qc2 c5 13. dxc6 bxc6 14. Bg2 d5 15. O-O Bh5 16. Ra1 Bg6 17. Qd1 Bh5 18. Bf3 Bxf3 19. Qxf3 Qd7 20. Bd2 Nc5 21. Rad1 Nd3 22. Bc1 Ne5 23. Qe2 Qb7 24. f3 Rad8 25. Kg2 Bc5 26. Rfe1 Ba7 27. Qf1 Nc4 28. Re2 Nd6 29. Rc2 Nc4 30. Qf2 c5 31. Ndb5 d4 32. exd4 Ng4 33. Qe2 Rxe2+ 34. Rxe2 Nf6 35. d5 h6 36. d6 Bb8 37. b3 Nb6 38. Be3 Qc6 39. a4 Nbd5 40. Bf4 Nxc3 41. Nxc3 g5 42. Be5 Nd7 43. Nd5 Qa6 44. Ne7+ Kh7 45. Rdd2 Nxe5 46. Rxe5 Bxd6 0-1

[Event "Panevezys Elite 2018"]
[Site "Panevezys"]
[Date "2018.07.01"]
[Round "4.8"]
[White "Van Osch, Mees"]
[Black "Malinin, Yuri"]
[Result "1/2-1/2"]
[WhiteElo "2324"]
[BlackElo "2176"]
[Annotator "ChessBase"]
[PlyCount "122"]
[EventDate "2018.06.29"]
[EventType "swiss"]
[EventRounds "9"]
[EventCountry "LTU"]
[SourceTitle "playchess.com"]
[Source "ChessBase"]
[SourceQuality "1"]
[TimeControl "40/5400+30:1800+30"]

1. e4 g6 2. d4 Bg7 3. Nc3 d6 4. h4 Nf6 5. Be2 c5 6. dxc5 Qa5 7. Qd3 Nc6 8. cxd6 Nxe4 9. Qxe4 Bxc3+ 10. Kf1 Bf5 11. Qc4 Bg7 12. Nf3 exd6 13. h5 Rc8 14. hxg6 Bxg6 15. Bh6 Bxh6 16. Rxh6 O-O 17. Qh4 Qb4 18. Qxb4 Nxb4 19. c3 Nc6 20. Rd1 Rfd8 21. Nd4 Nxd4 22. Rxd4 Kg7 23. Rh3 Rc5 24. Re3 Kf8 25. f4 Rc7 26. g4 Bb1 27. a3 Re7 28. Kf2 Rxe3 29. Kxe3 f6 30. Rd1 Bg6 31. Bf3 b6 32. Kd4 Rc8 33. Rh1 Rc7 34. Rh2 Re7 35. Kd5 Re3 36. Rf2 Ke7 37. Re2 Rxe2 38. Bxe2 Be8 39. g5 fxg5 40. fxg5 Bg6 41. Bg4 Bd3 42. Kc6 Kf7 43. Kb7 Kg6 44. Kxa7 Kxg5 45. Bf3 b5 46. Kb6 h5 47. Bxh5 Kxh5 48. Kc6 Kg6 49. Kxd6 Kf7 50. b3 Ke8 51. Kc7 Ke7 52. a4 bxa4 53. bxa4 Ke6 54. Kc6 Be4+ 55. Kc5 Kd7 56. Kb6 Kd6 57. c4 Bf3 58. a5 Ba8 59. a6 Bc6 60. c5+ Kd7 61. Ka7 Ke8 1/2-1/2